| 000 | 00979aam a2200325 4500 | ||
|---|---|---|---|
| 005 | 20161012112520.0 | ||
| 008 | 150625b xxu||||| |||| 00| 0 spa d | ||
| 020 | _a9786071509482 | ||
| 041 | _aspa | ||
| 082 | _a621.381 5 A315f5 | ||
| 100 |
_aAlexander, Charles K _92050 |
||
| 100 |
_aSadiku, Matthew N _92051 |
||
| 245 | _aFundamentos de circuitos eléctricos | ||
| 250 | _a5 edición | ||
| 260 |
_aMéxico _bMcGraw-Hill _c2013 |
||
| 300 | _a786 páginas | ||
| 650 |
_aELECTRÓNICA _91815 |
||
| 650 |
_aCIRCUITOS ELECTRICOS _91857 |
||
| 650 |
_aAMPLIFICADORES OPERACIONALES _91831 |
||
| 650 |
_aCAPACITORES _91832 |
||
| 650 |
_aINDUCTORES _91833 |
||
| 650 |
_aANÁLISIS SENOIDAL _92052 |
||
| 650 |
_aCIRCUITOS TRIFÁSICOS _92053 |
||
| 650 |
_aCIRCUITOS MAGNETICAMENTE ACOPLADOS _92054 |
||
| 650 |
_aRESPUESTAS EN FRECUENCIA _92055 |
||
| 650 |
_aTRANSFORMADA DE LA PLACE _92056 |
||
| 650 |
_aTRANSFORMADA DE FOURIER _92057 |
||
| 650 |
_aREDES _92058 |
||
| 942 | _cBK | ||
| 999 |
_c3097 _d3097 |
||